El proceso sumario de cognición: juicio sumario

保存先:
書誌詳細
主要な著者: Rojas Aguirre, Oscar (著者), Venegas Lagos, Raquel (著者)
フォーマット: 図書
言語:スペイン語
出版事項: Santiago Jurídica de Chile 1963
主題:
タグ: タグ追加
タグなし, このレコードへの初めてのタグを付けませんか!

MARC

LEADER 00000nam a2200000 a 4500
001 UCS0978
003 CL-VaPUC
008 970506e19630000CL |||||||||||||||||spa|d
082 0 4 |a 347.07  |b ROJ  |2 21 
100 0 |a Rojas Aguirre, Oscar  |e author  |9 384943 
700 0 |a Venegas Lagos, Raquel  |e author  |9 384944 
245 1 3 |a El proceso sumario de cognición: juicio sumario 
300 |a 181 p 
942 |c BK 
945 |d 19970506 00:00:00  |a paguirre 
260 |a Santiago  |b Jurídica de Chile  |c 1963 
650 0 |a Derecho procesal civil  |9 258071 
650 0 |a Procedimiento civil  |9 254870 
650 7 |a JUICIO ORDINARIO  |2 CL-VaPUC  |9 254867 
650 7 |a SUMARIO  |2 CL-VaPUC  |9 368476 
650 0 |a Prueba  |9 256247 
650 0 |a Sentencias  |9 256250 
650 7 |a DEMANDA  |2 CL-VaPUC  |9 255172 
650 7 |a PROCESO DE COGNICION  |2 CL-VaPUC  |9 384945 
583 |a last modification  |c 19970506 00:00:00  |k Rodrigo Vera 
999 |c 259093  |d 259091 
952 |0 0  |1 0  |4 0  |6 347_070000000000000_ROJ_1963  |7 0  |8 A  |9 283646  |a BIBDER  |b BIBDER  |d 2019-11-19  |i 1839934  |o 347.07 ROJ 1963  |p 1839934  |r 2023-01-25  |w 2019-11-19  |y BK  |k DER